Every "country" map quiz - Statistics

General Stats
  • This quiz has been taken 29 times
  • The average score is 15 of 35
Answer Stats
Picture Answer % Correct
Canada
100%
USA
95%
Cuba
86%
Texas
81%
Brazil
71%
South Africa
62%
France
52%
Australia
48%
Hawaii
48%
Italy
48%
New Zealand
48%
South America
48%
Africa
43%
Grease
43%
Indonesia
43%
Japan
43%
Korea
43%
Russia
43%
China
38%
Germany
38%
Jamaica
38%
Spain
38%
Haiti
33%
Long Mexico
33%
New Guinea
33%
Greater India
29%
The Middle East
24%
Iceland
19%
South Korea
19%
Stan
19%
Chad
14%
yUK
14%
The Baltics
10%
AHCS
5%
The Nordic Region
5%
No matching quizzes found
Score Distribution
Percent of People with Each Score
Percentile by Number Answered
Your Score History
You have not taken this quiz